Mathematical Structures for Computer Science (Record no. 4942)

MARC details
005 - DATE AND TIME OF LATEST TRANSACTION
control field 20250625074421.0
020 ## - INTERNATIONAL STANDARD BOOK NUMBER
International Standard Book Number 0-7167-4358-2
082 ## - DEWEY DECIMAL CLASSIFICATION NUMBER
Classification number 044.015 GER
100 ## - MAIN ENTRY--PERSONAL NAME
Author name GERSTING, J. L.
245 ## - TITLE STATEMENT
Title Mathematical Structures for Computer Science
250 ## - EDITION STATEMENT
Edition statement 5th Ed.
260 ## - PUBLICATION, DISTRIBUTION, ETC.
Place of publication, distribution, etc. New York,
Name of publisher, distributor, etc. W. H. Freeman and Company
Date of publication, distribution, etc. 2003.
300 ## - PHYSICAL DESCRIPTION
Extent xx, 719p.; ill.; table, figure
Other physical details Index
Dimensions 24cm
942 ## - ADDED ENTRY ELEMENTS (KOHA)
Source of classification or shelving scheme Dewey Decimal Classification
Koha item type Books
Holdings
Date last seen Total checkouts Full call number Barcode Cost, replacement price Price effective from Koha item type Lost status Source of classification or shelving scheme Damaged status Not for loan Withdrawn status Home library Current library Shelving location Date acquired Cost, normal purchase price
06/25/2025   004.015 GER DOM000952 150000.00 06/25/2025 Books   Dewey Decimal Classification       CBE Dodoma CBE Dodoma General Collection 03/24/2014 50000.00